000 00412nam a22001457a 4500
020 _qHB.
040 _cFIZZA ISHAQ
082 _a658.309
_bYOD
100 _aYoder, Dale.
_9134390
245 _aPersonnel Management and Industrial Relations /
_c Dale Yoder.
250 _a5th edition.
260 _aNew York :
_b Prentice-Hall,
_c1938.
300 _a665 P. ; : illustrations, charts ;
_c23 cm
942 _2ddc
_cBK
999 _c617369
_d617369